|
|
|
|
| LEADER |
01242cam a2200337 i 4500 |
| 001 |
36946 |
| 003 |
BD-DhAAL |
| 005 |
20200122155013.0 |
| 008 |
200122t20172017njua 001 0 eng d |
| 999 |
|
|
|c 40790
|d 40790
|
| 010 |
|
|
|a 2014006015
|
| 020 |
|
|
|a 9780321964670
|
| 020 |
|
|
|a 0321964675
|
| 040 |
|
|
|a DLC
|b eng
|c DLC
|e rda
|d DLC
|d BD-DhAAL
|
| 042 |
|
|
|a pcc
|
| 050 |
0 |
0 |
|a QA371
|b .G644 2017
|
| 082 |
0 |
0 |
|a 515.35
|2 23
|
| 100 |
1 |
|
|a Goode, Stephen W.,
|d 1957-
|9 39104
|
| 245 |
1 |
0 |
|a Differential equations and linear algebra /
|c Stephen W. Goode and Scott A. Annin, California State University, Fullerton.
|
| 250 |
|
|
|a Fourth edition
|
| 260 |
|
|
|a Boston :
|b Pearson,
|c c2017
|
| 300 |
|
|
|a viii, 856 pages :
|b illustrations (some color) ;
|c 26 cm
|
| 500 |
|
|
|a Includes index.
|
| 526 |
|
|
|a MNS
|
| 541 |
|
|
|a Development Book Agency
|e 36946
|
| 650 |
|
0 |
|a Differential equations.
|9 39105
|
| 650 |
|
0 |
|a Algebras, Linear.
|9 39106
|
| 700 |
1 |
|
|a Annin, Scott A.
|9 39107
|
| 852 |
|
|
|a Ayesha Abed Library
|c General Stacks
|
| 942 |
|
|
|2 ddc
|c BK
|
| 952 |
|
|
|0 0
|1 0
|2 ddc
|4 0
|6 515_350000000000000_GOO
|7 0
|9 67748
|a BRACUL
|b BRACUL
|c GEN
|d 2020-01-20
|e Development Book Agency
|g 17215.00
|l 4
|m 26
|o 515.35 GOO
|p 3010036946
|r 2025-10-14
|s 2025-07-14
|t 1
|v 17215.00
|w 2020-01-20
|y BK
|